Регионална библиотека "Любен Каравелов" - Русе

Църковни поучения (Запис номер 420348)

MARC детайли
000 -Лидер
Контролно поле с фиксирана дължина nmm a22 7a 4500
003 - Код на организацията, давaща контролен номер
Контролно поле BLK
005 - Дата и час на последна редакция
Контролно поле 20210804152309.0
008 - Елементи от данни с фиксирана дължина
fixed length control field 200630b bu ||||| |||| 00| 0 bu d
037 ## - Източник за комплектуване - предоставяща организация
Предоставяща организация (билиотека) Русенската митрополия
Баркод или инв.номер в предоставящата организация 100000000221
040 ## - Източник на каталожния запис
Идентификатор на билиотеката - собственик на записа BLK
041 ## - Код за език
Код за езика на текст/звукозапис или на отделно заглавие Български
Код за езика КДБФ Български
080 ## - УДК
Текстов определител УДК Проповеди
УДК код - определител по УДК 27-475
УДК - код + определител 27-475
139 ## - Редно поле
Редна дума Църковни поучения
Авторски знак Църк - Ц 96
245 ## - Сведения за заглавието
Заглавие Църковни поучения
Подзаглавни данни Ч. 1 - 2
Редно поле (дума) прев. Стефан Костов
Том Ч. 2
260 ## - Област на издателските данни
Място на издаване, разпространение и проч. София
Година на издаване 1896 -
Печатница Ив. Г. Говедаров и сие
300 ## - Физическа характеристика
Размери/Мащаб 25 см
380 ## - Жанр
Жанр Религия. Теология
490 ## - СЕРИИ (Колекции)
9 (RLIN) 410374
Име на серия Писмените съкровища на Долен Дунав
490 ## - СЕРИИ (Колекции)
9 (RLIN) 415800
Име на серия Библиотека при Русенска митрополия
500 ## - Общи забележки
Забележка Книгата е от библиотеката при Русенската митрополия по проект "Писмените съкровища на Долен Дунав"
650 #7 - Допълнително описание по предмет – тема
9 (RLIN) 176937
Основно описание – тема или топоним Християнство - проповеди
653 #7 - Ключова дума – ненормативна
9 (RLIN) 194269
Ключова дума поучения
653 #7 - Ключова дума – ненормативна
9 (RLIN) 200519
Ключова дума църковни книги
700 ## - Други автори (авторска отговорност)
9 (RLIN) 966
Лично име Костов, Стефан
Автороска отговорност (Описва отношението между автора и произведението) прев.
760 ## - Описание на основната серия
Страници - том 266 с.
Заглавие Ч. 2
Място на издаване, издател и година София, 1900
852 ## - Местоположение
Систематично-азбучна сигнатура 27-4/Ц 96
856 ## - Електронен адрес и достъп
Електронен формат pdf - файл
Път до файла /url/ http://87.120.137.51:18080/cgi-bin/koha/opac-retrieve-file.pl?id=17c7dfea1504bedf4b7297ad8557dbf9
999 ## - СИСТЕМНИ КОНТРОЛНИ НОМЕРА
Koha biblionumber 420348
Koha biblioitemnumber 420348
942 ## - АРТИКУЛИ
Вид на библиотечния материал Електронен екземпляр
Скрит в OPAC Не
Периодичен библиозапис Да
944 ## - СЪЗДАВАНЕ И РЕДАКЦИЯ на ЗАПИСА
Създаване/Редакция Създаване
Дата на регистрацията/редакция 2021-06-17
Служител, извършил регистрацията/редакцията Христина Везирева
999 ## - СИСТЕМНИ КОНТРОЛНИ НОМЕРА
Koha biblioitemnumber 420348
999 ## - СИСТЕМНИ КОНТРОЛНИ НОМЕРА
Koha biblioitemnumber 371611
999 ## - СИСТЕМНИ КОНТРОЛНИ НОМЕРА
Koha biblioitemnumber 371611
999 ## - СИСТЕМНИ КОНТРОЛНИ НОМЕРА
Koha biblioitemnumber 371611
999 ## - СИСТЕМНИ КОНТРОЛНИ НОМЕРА
Koha biblioitemnumber 371611
999 ## - СИСТЕМНИ КОНТРОЛНИ НОМЕРА
Koha biblioitemnumber 371611
999 ## - СИСТЕМНИ КОНТРОЛНИ НОМЕРА
Koha biblioitemnumber 371611
999 ## - СИСТЕМНИ КОНТРОЛНИ НОМЕРА
Koha biblioitemnumber 371611

Няма налични копия.

Vip Innovations Ltd, Rousse, Bulgaria 2025